000 00602nam a2200241Ia 4500
008 210210b2009 xxu||||| |||| 00| 0 eng d
020 _a978821848531
041 _aeng
082 _a515 KACS
100 _aKACZOR (W J)
245 _aStudent mathematical library V 21: Problems in mathematical analysis III
_bIntegration
260 _aUSA
_b-
_c2009
300 _aix,356
650 _aProblems
650 _amathematical
650 _aintegration
650 _ain
650 _aIII:
650 _aanalysis
690 _aMathematical Analysis
700 _aNOWAK (M T)
906 _a064182
999 _c140409
_d140409